Doors #2 - Statistics

General Stats
  • This quiz has been taken 14 times
  • The average score is 8 of 15
Answer Stats
Hint Answer % Correct
What entity appears at Door 100 Figure
88%
Ambush's badge Rebound
88%
Rooms monster that appears at door A-60 A-60
75%
Entity that has a shop Jeff
75%
Easiest badge of Doors Welcome!
75%
The year Doors was released 2022
63%
Badge when given by beating the game Rock Bottom
63%
Entity that goes in a loop Ambush
50%
In Floor 2, what is the main entity Depth
38%
What entity comes when you die Guiding Light
38%
Screech's badge Peek-a-Boo!
38%
In KreekCraft's run of Doors, what entity came Trollface
38%
Version of Doors Alpha
25%
Right now, Doors is on Floor 1
25%
What is the setting of Floor 2 Mineshaft/Abandoned Mineshaft
25%
No matching quizzes found
Score Distribution
Percent of People with Each Score
Percentile by Number Answered
Your Score History
You have not taken this quiz